| 000 | 01347nam a22003134a 4500 | ||
|---|---|---|---|
| 001 | ebr10077287 | ||
| 003 | CaPaEBR | ||
| 006 | m u | ||
| 007 | cr cn||||||||| | ||
| 008 | 040615s2004 dcua sb 001 0 eng | ||
| 010 | _z 2004013859 | ||
| 020 | _z0815783353 (pbk. : alk. paper) | ||
| 040 |
_aCaPaEBR _cCaPaEBR |
||
| 035 | _a(OCoLC)228113509 | ||
| 050 | 1 | 4 |
_aHD9981.5 _b.T74 2004eb |
| 082 | 0 | 4 |
_a338.4/5/0973 _222 |
| 100 | 1 | _aTriplett, Jack E. | |
| 245 | 1 | 0 |
_aProductivity in the U.S. services sector _h[electronic resource] : _bnew sources of economic growth / _cJack E. Triplett, Barry P. Bosworth. |
| 260 |
_aWashington, D.C. : _bBrookings Institution Press, _cc2004. |
||
| 300 |
_aix, 401 p. : _bill. |
||
| 504 | _aIncludes bibliographical references (p. 375-388) and index. | ||
| 533 |
_aElectronic reproduction. _bPalo Alto, Calif. : _cebrary, _d2013. _nAvailable via World Wide Web. _nAccess may be limited to ebrary affiliated libraries. |
||
| 650 | 0 |
_aService industries _xLabor productivity _zUnited States. |
|
| 650 | 0 |
_aIndustrial productivity _zUnited States _xMeasurement. |
|
| 655 | 7 |
_aElectronic books. _2local |
|
| 700 | 1 |
_aBosworth, Barry, _d1942- |
|
| 710 | 2 | _aebrary, Inc. | |
| 856 | 4 | 0 |
_uhttp://site.ebrary.com/lib/rucke/Doc?id=10077287 _zAn electronic book accessible through the World Wide Web; click to view |
| 999 |
_c73315 _d73315 |
||